00880nas a2200289 4500001001300000003000900013005001700022007000300039008003400042040005400076041000900130072000800139100001800147100002500165100002200190100002300212100002800235100001800263100002100281100001800302245010600320650001000426650001500436650001100451650002700462773010100489BR2012007890BR-BrBNA20231205121341.0ta230509b bl.|||p| |||| 00| 00por d aBR-BrBNAbporcBiblioteca Nacional de Agricultura a(Pt) aK501 aCardoso, M.T.1 aCarneiro, A. de C.O.1 aOliveira, R.C. de1 aCarvalho, A.M.M.L.1 aPatrício Júnior, W.1 aMartins, M.C.1 aSantos, R.C. dos1 aSilva,J.C. da1 aPropriedades físicas e mecânicas de papéis reciclados utilizados para fabricação de tubetes aPAPEL aRECICLAGEM aTUBETE aPROPRIEDADE MECÂNICA0 tCiência Florestal (Brazil)xISSN 0103-9954 g(Apr-Jun 2012), v. 22(2) p. 407-415wBR2012007890